| 000 | 00820nam a22002297a 4500 | ||
|---|---|---|---|
| 005 | 20241128161016.0 | ||
| 010 | _aENG-142704-705 | ||
| 020 |
_c695.00 _a9789361590986 |
||
| 020 |
_c645.00 _a9789361592843 |
||
| 035 | _aEN-126236-237 | ||
| 037 | _bDBAD | ||
| 082 |
_a530 _27 |
||
| 100 |
_aAbhay Kumar _974304 |
||
| 245 |
_aObjective Physics Vol I & II/ _cBy Abhay Kumar |
||
| 250 | _a7 | ||
| 260 |
_aUttar Pradesh _bPearson India Education Pvt Ltd _c2025 |
||
| 270 |
_bUttar Pradesh _a1st FLoor, Berger Tower, Plot No. C-001A/2, Sector-16B, Noida _e201301 |
||
| 300 |
_avpp. _c25cm(pb) _bIndex |
||
| 490 | _vVol 1, Vol 2 | ||
| 500 | _a| Based on NMC and NCERT Curriculums | 9500+ Chapter-wise MCQs | NEET (UG) 2024 Solved ... 2025 - Objective Physics Vol I & II | ||
| 942 |
_2ddc _cEN _h530 _mABH _e7 |
||
| 999 |
_c207179 _d207179 |
||